[Event "Wch Blitz"]
[Site "Samarkand"]
[Date "2023.12.30"]
[Round "21"]
[White "Najer, Evgeniy"]
[Black "Suleymenov, Alisher"]
[Result "1-0"]
[WhiteElo "2663"]
[BlackElo "2513"]
[PlyCount "59"]
[EventDate "2023.12.29"]
[EventType "swiss (blitz)"]
[EventRounds "21"]
[EventCountry "UZB"]
[SourceTitle "CB01_2024"]
[SourceDate "2024.01.03"]
[SourceVersion "1"]
[SourceVersionDate "2024.01.03"]
[SourceQuality "1"]

1. e4 c5 2. Nf3 Nc6 3. Bb5 g6 4. 0-0 Bg7 5. c3 e5 6. d4 cxd4 7. cxd4 exd4 8. Bf4 a6 9. Bc4 d6 10. Ng5 Nh6 11. Nd2 0-0 12. h3 Be5 13. Qf3 Qf6 14. g3 Be6 15. Rac1 Bxc4 16. Nxc4 Rfe8 17. Nb6 Rad8 18. Nd5 Qg7 19. Bxe5 Nxe5 20. Qf4 Nd3 21. Nf6+ Kh8 22. Nxe8 Nxf4 23. Nxg7 Ne2+ 24. Kg2 Nxc1 25. Rxc1 Kxg7 26. Rc7 Kf6 27. f4 b5 28. Nxh7+ Kg7 29. Ng5 a5 30. Ne6+ 1-0

[Event "Wch Blitz"]
[Site "Samarkand"]
[Date "2023.12.30"]
[Round "17"]
[White "Smirnov, Anton"]
[Black "Najer, Evgeniy"]
[Result "1-0"]
[WhiteElo "2586"]
[BlackElo "2663"]
[PlyCount "80"]
[EventDate "2023.12.29"]
[EventType "swiss (blitz)"]
[EventRounds "21"]
[EventCountry "UZB"]
[SourceTitle "CB01_2024"]
[SourceDate "2024.01.03"]
[SourceVersion "1"]
[SourceVersionDate "2024.01.03"]
[SourceQuality "1"]

1. e4 e6 2. d4 d5 3. Nc3 Nf6 4. e5 Nfd7 5. Nce2 c5 6. c3 Nc6 7. f4 Be7 8. Nf3 0-0 9. g3 f6 10. exf6 Nxf6 11. Bg2 b6 12. 0-0 Bd7 13. Kh1 Kh8 14. Be3 Ne4 15. Nd2 Nd6 16. Bg1 Nf5 17. Nf3 Rc8 18. Qd2 Nd6 19. Rae1 Nc4 20. Qc1 Nd6 21. dxc5 Ne4 22. cxb6 axb6 23. Nd2 Nb4 24. Rf3 e5 25. a3 Na6 26. Nxe4 dxe4 27. Rff1 Nc5 28. Bxc5 Bxc5 29. fxe5 Rxf1+ 30. Rxf1 Bb5 31. b4 Bxe2 32. Re1 Bd4 33. Rxe2 Rxc3 34. Qd1 Rd3 35. Qf1 Bxe5 36. Bxe4 Rd1 37. Re1 Rxe1 38. Qxe1 h6 39. Qe2 Qd4 40. Qg4 Bd6 1-0

[Event "Wch Blitz"]
[Site "Samarkand"]
[Date "2023.12.29"]
[Round "4"]
[White "Fressinet, Laurent"]
[Black "Najer, Evgeniy"]
[Result "1/2-1/2"]
[WhiteElo "2637"]
[BlackElo "2663"]
[PlyCount "81"]
[EventDate "2023.12.29"]
[EventType "swiss (blitz)"]
[EventRounds "21"]
[EventCountry "UZB"]
[SourceTitle "CB01_2024"]
[SourceDate "2024.01.03"]
[SourceVersion "1"]
[SourceVersionDate "2024.01.03"]
[SourceQuality "1"]

1. d4 d5 2. Nf3 Nf6 3. c4 c6 4. g3 Bg4 5. Ne5 Bf5 6. Qb3 Qb6 7. cxd5 Nxd5 8. Bg2 Qxb3 9. axb3 Nb4 10. Na3 Nd7 11. Nxd7 Bxd7 12. 0-0 e6 13. Bf4 Be7 14. Nc4 0-0 15. Rfc1 Nd5 16. Bd6 Bxd6 17. Nxd6 Rfb8 18. e4 Ne7 19. b4 Kf8 20. Nc4 Rd8 21. Nd6 Bc8 22. e5 Nf5 23. Nxf5 exf5 24. b5 Bd7 25. Ra5 Be8 26. bxc6 bxc6 27. Bxc6 Bxc6 28. Rxc6 Rxd4 29. e6 fxe6 30. Rxe6 g6 31. Rc6 Rd7 32. b4 Rb8 33. b5 Kg7 34. h4 Kh6 35. Kg2 Rbb7 36. Kh3 Rd2 37. Kg2 Rb2 38. Rca6 Rd7 39. Ra2 Rxb5 40. Rxa7 Rxa7 41. Rxa7 1/2-1/2

[Event "Wch Blitz"]
[Site "Samarkand"]
[Date "2023.12.29"]
[Round "1"]
[White "Najer, Evgeniy"]
[Black "Tregubenko, Nikolay"]
[Result "1-0"]
[WhiteElo "2663"]
[BlackElo "2017"]
[PlyCount "74"]
[EventDate "2023.12.29"]
[EventType "swiss (blitz)"]
[EventRounds "21"]
[EventCountry "UZB"]
[SourceTitle "CB01_2024"]
[SourceDate "2024.01.03"]
[SourceVersion "1"]
[SourceVersionDate "2024.01.03"]
[SourceQuality "1"]

1. e4 c5 2. Nc3 d6 3. Nf3 Nf6 4. d4 cxd4 5. Nxd4 a6 6. Be3 e5 7. Nb3 Be7 8. f3 Be6 9. Qd2 0-0 10. Be2 d5 11. exd5 Nxd5 12. Nxd5 Qxd5 13. Qxd5 Bxd5 14. 0-0-0 Be6 15. Na5 Bxa2 16. Nxb7 Be6 17. Bc5 Nc6 18. Bxe7 Nxe7 19. Rd6 a5 20. Nc5 Bf5 21. g4 Bg6 22. Rhd1 h6 23. Bd3 Rfc8 24. Nd7 Bxd3 25. R1xd3 f6 26. Nb6 Kf7 27. Rd7 a4 28. Nxc8 Rxc8 29. Ra7 Ke6 30. Rxa4 Ng6 31. Ra6+ Ke7 32. Ra7+ Ke6 33. Rxg7 Nf4 34. Rd1 Ne2+ 35. Kb1 Nd4 36. Rb7 Nxc2 37. Rc1 Kd5 1-0

[Event "Wch Blitz"]
[Site "Samarkand"]
[Date "2023.12.29"]
[Round "10"]
[White "Pingin, Artem"]
[Black "Najer, Evgeniy"]
[Result "0-1"]
[WhiteElo "2419"]
[BlackElo "2663"]
[PlyCount "74"]
[EventDate "2023.12.29"]
[EventType "swiss (blitz)"]
[EventRounds "21"]
[EventCountry "UZB"]
[SourceTitle "CB01_2024"]
[SourceDate "2024.01.03"]
[SourceVersion "1"]
[SourceVersionDate "2024.01.03"]
[SourceQuality "1"]

1. e4 e6 2. d4 d5 3. Nc3 Nf6 4. Bg5 h6 5. Bxf6 Qxf6 6. exd5 Bb4 7. Bb5+ c6 8. dxc6 bxc6 9. Bc4 0-0 10. Nge2 c5 11. dxc5 Bb7 12. 0-0 Rd8 13. Qc1 Bxc5 14. Ng3 Qh4 15. Bd3 Nc6 16. Nce4 Bb6 17. Re1 Ne5 18. Bf1 Ng4 19. h3 Nxf2 20. Nxf2 Qxg3 21. Re2 Rd5 22. c4 Rf5 23. Qe1 h5 24. b4 Bc7 25. Ng4 hxg4 26. Qxg3 Bxg3 27. hxg4 Rf4 28. Rd2 Rxg4 29. Rad1 g6 30. Rd7 Be4 31. b5 Kg7 32. Rd8 Rxd8 33. Rxd8 Bc7 34. Rc8 Be5 35. Rd8 Bf4 36. Kf2 Bg5 37. a4 Bxd8 0-1

[Event "Wch Rapid"]
[Site "Samarkand"]
[Date "2023.12.28"]
[Round "13"]
[White "Kosakowski, Jakub"]
[Black "Najer, Evgeniy"]
[Result "0-1"]
[WhiteElo "2479"]
[BlackElo "2663"]
[PlyCount "96"]
[EventDate "2023.12.26"]
[EventType "swiss (rapid)"]
[EventRounds "13"]
[EventCountry "UZB"]
[SourceTitle "CB01_2024"]
[SourceDate "2024.01.03"]
[SourceVersion "1"]
[SourceVersionDate "2024.01.03"]
[SourceQuality "1"]

1. e4 e5 2. Nf3 Nc6 3. Bb5 a6 4. Ba4 Nf6 5. 0-0 Be7 6. Re1 b5 7. Bb3 0-0 8. c3 d6 9. h3 Nb8 10. d4 Nbd7 11. Nbd2 Bb7 12. Bc2 Re8 13. Nf1 Bf8 14. Ng3 g6 15. Bd2 Nb6 16. Qc1 Nfd7 17. Bg5 Be7 18. b3 Bxg5 19. Nxg5 Qf6 20. Qd2 Qf4 21. Qxf4 exf4 22. Ne2 h6 23. Nf3 Bxe4 24. Bxe4 Rxe4 25. Nd2 Ree8 26. Nxf4 Nf6 27. Nd3 Kg7 28. Kf1 a5 29. c4 bxc4 30. bxc4 d5 31. c5 Nc4 32. Nxc4 dxc4 33. Nb2 c3 34. Na4 c2 35. Rxe8 Rxe8 36. Rc1 Rd8 37. Rxc2 Rxd4 38. Nb2 Nd5 39. a3 Kf6 40. Ke2 Nf4+ 41. Ke3 Ke5 42. g3 Ne6 43. Nc4+ Kd5 44. Nxa5 Re4+ 45. Kd3 Ra4 46. Nb7 Rxa3+ 47. Kd2 Kc6 48. Rb2 Ra7 0-1

[Event "Wch Rapid"]
[Site "Samarkand"]
[Date "2023.12.27"]
[Round "8"]
[White "Sapenov, Daniyal"]
[Black "Najer, Evgeniy"]
[Result "1/2-1/2"]
[WhiteElo "2350"]
[BlackElo "2663"]
[PlyCount "128"]
[EventDate "2023.12.26"]
[EventType "swiss (rapid)"]
[EventRounds "13"]
[EventCountry "UZB"]
[SourceTitle "CB01_2024"]
[SourceDate "2024.01.03"]
[SourceVersion "1"]
[SourceVersionDate "2024.01.03"]
[SourceQuality "1"]

1. e4 e6 2. d4 d5 3. e5 c5 4. c3 Nc6 5. Nf3 Bd7 6. Be2 f6 7. 0-0 fxe5 8. Nxe5 Nxe5 9. dxe5 Qc7 10. c4 0-0-0 11. cxd5 Qxe5 12. Bf3 Bd6 13. g3 exd5 14. Nc3 Ne7 15. Bf4 Qf6 16. Bxd6 Qxd6 17. Ne4 Qb6 18. Nxc5 Kb8 19. Qd4 Nc6 20. Qf4+ Ka8 21. Nxd7 Rxd7 22. Rad1 Rhd8 23. Rd2 a6 24. Rfd1 d4 25. Bxc6 bxc6 26. Qe4 h6 27. Rd3 Qc5 28. Ra3 Ka7 29. Ra4 Qb6 30. Qd3 Qb5 31. Rc4 Rd6 32. b3 R8d7 33. Rd2 g6 34. Re2 Qf5 35. Re4 g5 36. g4 Qb5 37. a4 Qb6 38. b4 Rd5 39. Re6 R5d6 40. Qg6 Qc7 41. Rxd6 Qxd6 42. Qd3 Kb7 43. h3 Qf4 44. b5 axb5 45. axb5 cxb5 46. Rc5 Rc7 47. Qxb5+ Kc8 48. Qe8+ Kb7 49. Rf5 Qc1+ 50. Kh2 Qc6 51. Qf8 Qb6 52. Rd5 Rc4 53. Qf3 Qc7+ 54. Kg1 Qc6 55. Rd7+ Kb6 56. Qb3+ Ka6 57. Qa2+ Kb5 58. Qb3+ Ka6 59. Qa2+ Kb5 60. Qb3+ Ka6 61. Qa3+ Kb5 62. Qb3+ Ka6 63. Qa3+ Kb5 64. Qb3+ Ka6 1/2-1/2

[Event "Wch Rapid"]
[Site "Samarkand"]
[Date "2023.12.26"]
[Round "5"]
[White "Madaminov, Mukhiddin"]
[Black "Najer, Evgeniy"]
[Result "0-1"]
[WhiteElo "2494"]
[BlackElo "2663"]
[PlyCount "110"]
[EventDate "2023.12.26"]
[EventType "swiss (rapid)"]
[EventRounds "13"]
[EventCountry "UZB"]
[SourceTitle "CB01_2024"]
[SourceDate "2024.01.03"]
[SourceVersion "1"]
[SourceVersionDate "2024.01.03"]
[SourceQuality "1"]

1. e4 e6 2. d4 d5 3. Nc3 Nf6 4. e5 Nfd7 5. f4 c5 6. Nf3 Nc6 7. Be3 a6 8. a3 cxd4 9. Nxd4 Bc5 10. Qd2 g5 11. Nxc6 Bxe3 12. Qxe3 gxf4 13. Qxf4 bxc6 14. Be2 Qc7 15. 0-0 Nxe5 16. Bh5 Ra7 17. Rae1 Ng6 18. Qh6 Rg8 19. Kh1 Qe7 20. Na4 Qh4 21. Nb6 Kd8 22. Qe3 Rc7 23. Bxg6 Rxg6 24. c4 Qg5 25. Qf2 Bb7 26. Re2 Ke8 27. Qd4 c5 28. Qh8+ Rg8 29. Qxh7 d4 30. Nd5 Kd8 31. h4 Qg4 32. Rf4 Qg3 33. Rxf7 Rxf7 34. Qxf7 Bxd5 35. Qf6+ Kc7 36. cxd5 d3 37. Rf2 exd5 38. Kg1 c4 39. h5 Qg5 40. Qf7+ Kb8 41. h6 Rd8 42. Rf6 Qe3+ 43. Kh2 d2 44. Rc6 Qe5+ 45. Kh3 Qe3+ 46. g3 Rc8 47. Rxc8+ Kxc8 48. Qh5 Qe1 49. Qf5+ Kc7 50. Qf7+ Kb6 51. Qf6+ Ka5 52. Qc3+ Kb5 53. Qb4+ Kc6 54. Qa4+ Kd6 55. h7 Qh1+ 0-1

[Event "FIDE Grand Swiss"]
[Site "Douglas"]
[Date "2023.11.05"]
[Round "11"]
[White "Najer, Evgeniy"]
[Black "Tabatabaei, Mohammad Amin"]
[Result "1/2-1/2"]
[WhiteElo "2648"]
[BlackElo "2685"]
[PlyCount "107"]
[EventDate "2023.10.25"]
[EventType "swiss"]
[EventRounds "11"]
[EventCountry "IOM"]
[SourceTitle "Mega2024 Update 01"]
[Source "Chessbase"]
[SourceDate "2023.11.12"]
[SourceVersion "1"]
[SourceVersionDate "2023.11.12"]
[SourceQuality "1"]

1. e4 c6 2. d4 d5 3. e5 c5 4. Nf3 cxd4 5. Qxd4 Nc6 6. Qf4 e6 7. Nc3 Bd7 8. a3 Nge7 9. Bd3 Ng6 10. Qg3 Qb8 11. Bxg6 hxg6 12. 0-0 Ne7 13. Re1 Nf5 14. Qf4 Be7 15. Qg4 Qc7 16. Bg5 Bc5 17. Qf4 Qb6 18. Qd2 Rc8 19. Rab1 a5 20. Na2 Qa7 21. Nc1 Bb6 22. Nd3 Rc4 23. b3 Rg4 24. a4 Bc6 25. Bf4 Bd8 26. h3 Rxh3 27. Nh2 Rxh2 28. Kxh2 Be7 29. b4 g5 30. Bg3 axb4 31. Nxb4 Bxa4 32. c3 Qc5 33. Nc2 b5 34. Ne3 Nxe3 35. Rxe3 Rc4 36. Rd3 Kd7 37. Rf3 Qc8 38. Rxf7 Qe8 39. Rxe7+ Qxe7 40. Rb4 Rc8 41. Rg4 Rh8+ 42. Kg1 Qa3 43. f3 Rh5 44. Be1 Qa1 45. Kf2 Rh1 46. Rxg5 Bb3 47. Rxg7+ Kc6 48. Qe3 Bc4 49. Rc7+ Kxc7 50. Qc5+ Kb8 51. Qb6+ Ka8 52. Qc6+ Kb8 53. Qb6+ Ka8 54. Qc6+ 1/2-1/2

[Event "FIDE Grand Swiss"]
[Site "Douglas"]
[Date "2023.11.04"]
[Round "10"]
[White "Nihal, Sarin"]
[Black "Najer, Evgeniy"]
[Result "1/2-1/2"]
[WhiteElo "2694"]
[BlackElo "2648"]
[PlyCount "87"]
[EventDate "2023.10.25"]
[EventType "swiss"]
[EventRounds "11"]
[EventCountry "IOM"]
[SourceTitle "Mega2024 Update 01"]
[Source "Chessbase"]
[SourceDate "2023.11.12"]
[SourceVersion "1"]
[SourceVersionDate "2023.11.12"]
[SourceQuality "1"]

1. Nf3 d5 2. d4 Nf6 3. c3 c6 4. Bf4 Bf5 5. Nh4 Be4 6. Nd2 e6 7. Qb3 b6 8. e3 Bd6 9. Bg5 Nbd7 10. Nxe4 dxe4 11. g3 0-0 12. Qc2 h6 13. Bxf6 Nxf6 14. Be2 Qc7 15. 0-0 c5 16. Rad1 Rab8 17. dxc5 bxc5 18. Rd2 Be5 19. Rfd1 Rb6 20. Bc4 Rfb8 21. b3 g5 22. Ng2 Kg7 23. Rf1 Rd6 24. Rxd6 Qxd6 25. Rd1 Qc7 26. Ne1 h5 27. f4 exf3 28. Nxf3 g4 29. Nxe5 Qxe5 30. Qf2 Ne4 31. Qf4 Qxf4 32. exf4 Nxc3 33. Rd7 Kf6 34. Rxa7 Rd8 35. a4 Rd1+ 36. Kg2 Rd2+ 37. Kg1 Rd1+ 38. Kg2 Nd5 39. Bxd5 exd5 40. Rc7 Rd2+ 41. Kg1 Rd1+ 42. Kf2 Rd2+ 43. Kg1 Rd1+ 44. Kf2 1/2-1/2

[Event "FIDE Grand Swiss"]
[Site "Douglas"]
[Date "2023.11.03"]
[Round "9"]
[White "Najer, Evgeniy"]
[Black "Artemiev, Vladislav"]
[Result "1/2-1/2"]
[WhiteElo "2648"]
[BlackElo "2697"]
[PlyCount "60"]
[EventDate "2023.10.25"]
[EventType "swiss"]
[EventRounds "11"]
[EventCountry "IOM"]
[SourceTitle "Mega2024 Update 01"]
[Source "Chessbase"]
[SourceDate "2023.11.12"]
[SourceVersion "1"]
[SourceVersionDate "2023.11.12"]
[SourceQuality "1"]

1. e4 e5 2. Nf3 Nc6 3. Bb5 a6 4. Ba4 Nf6 5. d3 b5 6. Bb3 Be7 7. a4 Rb8 8. axb5 axb5 9. 0-0 0-0 10. h3 d6 11. Bd2 h6 12. Nc3 Re8 13. Nd5 Bf8 14. Nxf6+ Qxf6 15. Be3 Be6 16. c3 Ne7 17. d4 Bxb3 18. Qxb3 exd4 19. cxd4 Ng6 20. Rfc1 c5 21. e5 Qf5 22. dxc5 dxc5 23. Bxc5 Bxc5 24. Rxc5 Nxe5 25. Nxe5 Rxe5 26. Rxe5 Qxe5 27. Qc3 Qxc3 28. bxc3 Rc8 29. Ra5 Rxc3 30. Rxb5 g6 1/2-1/2

[Event "FIDE Grand Swiss"]
[Site "Douglas"]
[Date "2023.11.02"]
[Round "8"]
[White "Yu, Yangyi"]
[Black "Najer, Evgeniy"]
[Result "1/2-1/2"]
[WhiteElo "2720"]
[BlackElo "2648"]
[PlyCount "65"]
[EventDate "2023.10.25"]
[EventType "swiss"]
[EventRounds "11"]
[EventCountry "IOM"]
[SourceTitle "Mega2024 Update 01"]
[Source "Chessbase"]
[SourceDate "2023.11.12"]
[SourceVersion "1"]
[SourceVersionDate "2023.11.12"]
[SourceQuality "1"]

1. e4 c5 2. Nf3 e6 3. d3 d5 4. Nbd2 Nc6 5. g3 Nf6 6. Bg2 g6 7. 0-0 Bg7 8. c3 0-0 9. e5 Nd7 10. d4 f6 11. exf6 Bxf6 12. dxc5 Nxc5 13. Nb3 Nxb3 14. Qxb3 Qb6 15. Bh6 Qxb3 16. axb3 Re8 17. Rad1 a5 18. h4 Bd7 19. Rfe1 a4 20. bxa4 Rxa4 21. Bh3 Nd8 22. Bg5 Bxg5 23. Nxg5 Kg7 24. b3 Ra3 25. c4 Bc6 26. cxd5 exd5 27. Rxe8 Bxe8 28. Rxd5 Ra1+ 29. Bf1 Nf7 30. Nxf7 Kxf7 31. f4 Rb1 32. Re5 Kf8 33. Kf2 1/2-1/2

[Event "FIDE Grand Swiss"]
[Site "Douglas"]
[Date "2023.10.28"]
[Round "4"]
[White "Najer, Evgeniy"]
[Black "Maghsoodloo, Parham"]
[Result "1-0"]
[WhiteElo "2648"]
[BlackElo "2707"]
[PlyCount "101"]
[EventDate "2023.10.25"]
[EventType "swiss"]
[EventRounds "11"]
[EventCountry "IOM"]
[SourceTitle "Mega2024 Update 01"]
[Source "Chessbase"]
[SourceDate "2023.11.12"]
[SourceVersion "1"]
[SourceVersionDate "2023.11.12"]
[SourceQuality "1"]

1. e4 c5 2. Nf3 d6 3. d4 cxd4 4. Nxd4 Nf6 5. Nc3 Nc6 6. Bg5 e6 7. Qd2 a6 8. 0-0-0 Bd7 9. Kb1 Nxd4 10. Qxd4 Be7 11. Be2 Rc8 12. f4 Bc6 13. Bf3 0-0 14. f5 h6 15. Bc1 exf5 16. exf5 Qa5 17. Bxc6 Rxc6 18. Rhe1 Bd8 19. g4 Bb6 20. Qd3 Bf2 21. Re7 Bh4 22. Rxb7 Re8 23. h3 Qe5 24. a3 Rec8 25. Rb4 d5 26. Bf4 Qe7 27. Nxd5 Nxd5 28. Qxd5 Rxc2 29. Rb7 Qe8 30. Qd7 Rf2 31. Be5 a5 32. Qxe8+ Rxe8 33. Bc3 a4 34. Ra7 Rh2 35. Rxa4 Rxh3 36. Rb4 Ra8 37. a4 h5 38. gxh5 Bg5 39. Rd7 Rxh5 40. a5 Bd8 41. a6 Ba5 42. Rb5 Rh1+ 43. Ka2 Bxc3 44. a7 Kh7 45. bxc3 Rh2+ 46. Kb3 Rh1 47. Rbb7 Rb1+ 48. Kc4 Rxb7 49. Rxb7 g5 50. fxg6+ Kxg6 51. Kb5 1-0

[Event "FIDE Grand Swiss"]
[Site "Douglas"]
[Date "2023.10.27"]
[Round "3"]
[White "Shankland, Samuel L"]
[Black "Najer, Evgeniy"]
[Result "1/2-1/2"]
[WhiteElo "2698"]
[BlackElo "2648"]
[PlyCount "66"]
[EventDate "2023.10.25"]
[EventType "swiss"]
[EventRounds "11"]
[EventCountry "IOM"]
[SourceTitle "Mega2024 Update 01"]
[Source "Chessbase"]
[SourceDate "2023.11.12"]
[SourceVersion "1"]
[SourceVersionDate "2023.11.12"]
[SourceQuality "1"]

1. d4 d5 2. Nf3 Nf6 3. Bf4 Bf5 4. e3 e6 5. Nbd2 Bd6 6. Ne5 Nbd7 7. Be2 h6 8. 0-0 Bxe5 9. dxe5 Ne4 10. Nxe4 Bxe4 11. f3 Bg6 12. c4 Nb6 13. c5 Nd7 14. Rc1 c6 15. b4 0-0 16. Qd4 Qe7 17. Rc3 Rfc8 18. Rfc1 a5 19. b5 cxb5 20. Bxb5 Nb8 21. Qa4 Nc6 22. a3 Rc7 23. Bg3 Qd8 24. Bh4 Qf8 25. Bxc6 Rxc6 26. Qb5 Qc8 27. Be7 Qd7 28. Bh4 Rac8 29. Qxa5 d4 30. exd4 Qxd4+ 31. Bf2 Qxe5 32. Qb4 Qc7 33. Rb3 b6 1/2-1/2

[Event "RUS-ch 76th"]
[Site "St Petersburg"]
[Date "2023.10.03"]
[Round "3"]
[White "Lagno, Kateryna"]
[Black "Najer, Evgeniy"]
[Result "0-1"]
[WhiteElo "2546"]
[BlackElo "2648"]
[PlyCount "68"]
[EventDate "2023.10.01"]
[EventType "tourn"]
[EventRounds "11"]
[EventCountry "RUS"]
[EventCategory "15"]
[SourceTitle "EXT 2024"]
[Source "ChessBase"]
[SourceDate "2023.10.10"]
[SourceVersion "1"]
[SourceVersionDate "2023.10.10"]
[SourceQuality "1"]

1. e4 c5 2. Nf3 d6 3. d4 cxd4 4. Nxd4 Nf6 5. Nc3 Nc6 6. Bg5 e6 7. Qd3 Bd7 8. 0-0-0 a6 9. f4 Be7 10. Be2 h6 11. Bh4 Qc7 12. Nxc6 Bxc6 13. Bf3 Rd8 14. Rhe1 0-0 15. Qd4 b5 16. g4 b4 17. Ne2 e5 18. Qc4 Rc8 19. Ng3 g6 20. g5 Nh7 21. f5 Kh8 22. f6 hxg5 23. fxe7 Qxe7 24. Qxb4 gxh4 25. Ne2 Ng5 26. Bg4 Rcd8 27. Nc3 f5 28. exf5 gxf5 29. Be2 Nf3 30. Rf1 Nxh2 31. Rg1 Nf3 32. Rg6 Kh7 33. Rdxd6 Rxd6 34. Rxd6 Rf6 0-1

[Event "World-chT Rapid"]
[Site "Dusseldorf"]
[Date "2023.08.26"]
[Round "1.1"]
[White "Najer, Evgeniy"]
[Black "Diller, Daniel"]
[Result "1-0"]
[WhiteElo "2648"]
[BlackElo "2120"]
[PlyCount "65"]
[EventDate "2023.08.26"]
[EventType "team-swiss (rapid)"]
[EventRounds "12"]
[EventCountry "GER"]
[SourceTitle "CBM 215 Extra"]
[Source "ChessBase"]
[SourceDate "2023.09.30"]
[SourceVersion "1"]
[SourceVersionDate "2023.09.30"]
[SourceQuality "1"]
[WhiteTeam "Freedom"]
[BlackTeam "Heilbronn Hustlers"]
[WhiteTeamCountry "ROU"]
[BlackTeamCountry "GER"]

1. e4 e5 2. Nf3 Nc6 3. Bb5 a6 4. Ba4 Nf6 5. 0-0 Be7 6. Re1 b5 7. Bb3 0-0 8. a4 Bb7 9. d3 d6 10. h3 Na5 11. Ba2 c5 12. Bg5 Nc6 13. Bxf6 Bxf6 14. Bd5 Qd7 15. Nc3 Ne7 16. Bxb7 Qxb7 17. Qd2 g6 18. Ne2 Bg7 19. axb5 axb5 20. b4 Rxa1 21. Rxa1 Ra8 22. Rxa8+ Qxa8 23. bxc5 dxc5 24. Qc3 c4 25. Qb4 cxd3 26. cxd3 Qa1+ 27. Kh2 Qf1 28. Ng3 Nc6 29. Qc5 Qxd3 30. Qxc6 b4 31. Qe8+ Bf8 32. Nxe5 Qb3 33. Nd7 1-0

[Event "World-chT Rapid"]
[Site "Dusseldorf"]
[Date "2023.08.26"]
[Round "3.1"]
[White "Najer, Evgeniy"]
[Black "Ter Sahakyan, Samvel"]
[Result "1-0"]
[WhiteElo "2648"]
[BlackElo "2609"]
[PlyCount "103"]
[EventDate "2023.08.26"]
[EventType "team-swiss (rapid)"]
[EventRounds "12"]
[EventCountry "GER"]
[SourceTitle "CBM 215 Extra"]
[Source "ChessBase"]
[SourceDate "2023.09.30"]
[SourceVersion "1"]
[SourceVersionDate "2023.09.30"]
[SourceQuality "1"]
[WhiteTeam "Freedom"]
[BlackTeam "Armenia"]
[WhiteTeamCountry "ROU"]
[BlackTeamCountry "ARM"]

1. e4 c5 2. Nf3 d6 3. d4 cxd4 4. Nxd4 Nf6 5. Nc3 a6 6. Be2 e5 7. Nb3 Be7 8. Be3 Be6 9. Nd5 Nbd7 10. Qd3 Bxd5 11. exd5 Rc8 12. 0-0-0 Nb6 13. Kb1 Nbxd5 14. Bd2 Nc7 15. f4 Ne6 16. f5 Nc5 17. Nxc5 dxc5 18. Qg3 Ne4 19. Qxg7 Nxd2+ 20. Rxd2 Qxd2 21. Qxh8+ Kd7 22. Qxe5 Bd6 23. Qe4 Re8 24. Qxb7+ Kd8 25. Bd1 Bf4 26. a3 Re1 27. Rxe1 Qxe1 28. Qd5+ Ke8 29. Ka2 Qe5 30. Qc6+ Ke7 31. f6+ Qxf6 32. Qxc5+ Bd6 33. Qa7+ Kf8 34. Qxa6 Qd4 35. Qc8+ Ke7 36. Bf3 Bxh2 37. c3 Qe3 38. Qb7+ Kf8 39. Bd5 Qf2 40. Qc8+ Ke7 41. Qb7+ Kf8 42. Qb4+ Kg8 43. Qg4+ Kf8 44. Qf3 Qa7 45. Qf6 Qd7 46. c4 Kg8 47. g4 Bc7 48. Qg5+ Kh8 49. Qf5 Qd8 50. Bxf7 Qe7 51. Bd5 Be5 52. Qe6 1-0

[Event "Titled Tuesday intern op 13th Jun Late"]
[Site "Chess.com INT"]
[Date "2023.06.13"]
[Round "2"]
[White "Najer, Evgeniy"]
[Black "Roebers, Eline"]
[Result "1-0"]
[WhiteElo "2646"]
[BlackElo "2415"]
[PlyCount "61"]
[EventDate "2023.06.13"]
[EventType "swiss (blitz)"]
[EventRounds "11"]
[EventCountry "USA"]
[SourceTitle "EXT 2024"]
[Source "ChessBase"]
[SourceDate "2023.10.10"]
[SourceVersion "1"]
[SourceVersionDate "2023.10.10"]
[SourceQuality "1"]

1. d4 f5 2. Bf4 Nf6 3. e3 d6 4. Nc3 g6 5. h4 h6 6. Qf3 e6 7. 0-0-0 Nc6 8. e4 fxe4 9. Nxe4 Bg7 10. Qg3 Kf7 11. Bd3 Nxe4 12. Bxe4 Qf6 13. Nf3 Bd7 14. h5 gxh5 15. Rxh5 Rag8 16. Qh2 Bf8 17. Kb1 Rg4 18. g3 Bg7 19. c3 Kf8 20. Qh3 Rxf4 21. gxf4 Qxf4 22. Rh4 Qf6 23. Qg3 Ke7 24. Rg4 Bf8 25. Rg6 Qf7 26. Qh4+ Ke8 27. Rf6 Qe7 28. Qh5+ Kd8 29. Rf7 Qe8 30. Bg6 Kc8 31. Rh7 1-0

[Event "Titled Tuesday intern op 13th Jun Late"]
[Site "Chess.com INT"]
[Date "2023.06.13"]
[Round "7"]
[White "Swiercz, Dariusz"]
[Black "Najer, Evgeniy"]
[Result "1-0"]
[WhiteElo "2640"]
[BlackElo "2646"]
[PlyCount "81"]
[EventDate "2023.06.13"]
[EventType "swiss (blitz)"]
[EventRounds "11"]
[EventCountry "USA"]
[SourceTitle "EXT 2024"]
[Source "ChessBase"]
[SourceDate "2023.10.10"]
[SourceVersion "1"]
[SourceVersionDate "2023.10.10"]
[SourceQuality "1"]

1. e4 e5 2. Nf3 Nc6 3. Bb5 a6 4. Ba4 Nf6 5. 0-0 Be7 6. d3 d6 7. c4 Bg4 8. h3 Bxf3 9. Qxf3 0-0 10. Be3 Nd4 11. Qd1 c6 12. Nd2 Nd7 13. Nf3 Nxf3+ 14. Qxf3 Nc5 15. Bc2 Ne6 16. Rad1 Bg5 17. Qe2 Qe7 18. g3 Bxe3 19. fxe3 g6 20. Rf2 Kg7 21. Rdf1 h5 22. h4 Rad8 23. Rf3 Rd7 24. Qf2 Qd8 25. Bd1 Nc5 26. Qc2 a5 27. R3f2 f6 28. g4 hxg4 29. Bxg4 Rdf7 30. h5 f5 31. hxg6 Rc7 32. Bxf5 Qg5+ 33. Kh1 Qxe3 34. Rh2 Kg8 35. Rh3 Qg5 36. Qh2 Qf6 37. Rh7 Re7 38. Rf3 Rfe8 39. Be6+ Qxe6 40. Rh8+ Kg7 41. Qh7# 1-0

[Event "Titled Tuesday intern op 06th Jun Late"]
[Site "Chess.com INT"]
[Date "2023.06.06"]
[Round "3"]
[White "Najer, Evgeniy"]
[Black "Kevlishvili, Robby"]
[Result "0-1"]
[WhiteElo "2646"]
[BlackElo "2539"]
[PlyCount "88"]
[EventDate "2023.06.06"]
[EventType "swiss (blitz)"]
[EventRounds "11"]
[EventCountry "USA"]
[SourceTitle "EXT 2024"]
[Source "ChessBase"]
[SourceDate "2023.10.10"]
[SourceVersion "1"]
[SourceVersionDate "2023.10.10"]
[SourceQuality "1"]

1. d4 d5 2. c4 e6 3. Nc3 a6 4. cxd5 exd5 5. Nf3 c6 6. Bf4 Bd6 7. Bxd6 Qxd6 8. e3 Ne7 9. Be2 0-0 10. 0-0 Nf5 11. Rc1 Qe7 12. Na4 Nd7 13. Bd3 Nd6 14. Re1 Nf6 15. Nb6 Rb8 16. Nxc8 Rbxc8 17. Qb3 Nfe4 18. Qb4 Rfe8 19. a4 g6 20. Ne5 f6 21. Nf3 Kg7 22. Nd2 Nxd2 23. Qxd2 Ne4 24. Bxe4 Qxe4 25. b4 Qe6 26. h3 Qd7 27. Rc5 h5 28. Rec1 g5 29. Qc2 Re6 30. b5 axb5 31. axb5 Rd6 32. Qb3 Rc7 33. Ra1 b6 34. bxc6 Rcxc6 35. Rb5 g4 36. hxg4 hxg4 37. g3 Qf5 38. Qb1 Qd7 39. Rb2 Qc8 40. Qd1 Rc7 41. Rab1 Rdc6 42. Qe2 Rc1+ 43. Rxc1 Rxc1+ 44. Kg2 Qf5 0-1